[Event "Dhaka"]
[Site "Dhaka"]
[Date "1993.??.??"]
[Round "?"]
[White "King, Daniel J"]
[Black "Sattar, R."]
[Result "0-1"]
[WhiteElo "2500"]
[BlackElo "2255"]
[PlyCount "78"]
[EventDate "1993.??.??"]
[EventType "tourn"]
[EventRounds "11"]
[EventCountry "BAN"]
[EventCategory "7"]
[SourceTitle "EXT 1997"]
[Source "ChessBase"]
[SourceDate "1996.11.15"]
[SourceVersion "1"]
[SourceVersionDate "1996.11.15"]
[SourceQuality "1"]

1. c4 e5 2. g3 Nc6 3. Bg2 g6 4. Nc3 Bg7 5. d3 d6 6. e4 h5 7. h4 Nh6 8. Nge2 Be6 9. Nd5 0-0 10. f3 Ne7 11. Be3 c6 12. Nxe7+ Qxe7 13. Qd2 Kh7 14. Nc3 b5 15. cxb5 d5 16. Bf2 d4 17. Ne2 c5 18. 0-0 f5 19. f4 fxe4 20. Bxe4 Bh3 21. fxe5 Bxf1 22. Nf4 Nf5 23. Bxa8 Rxa8 24. e6 Ne3 25. Rxf1 Nxf1 26. Kxf1 Bh6 27. Qe2 Bxf4 28. gxf4 Rf8 29. b4 cxb4 30. Qe5 Rf5 31. Qxd4 Qxe6 32. Qxa7+ Rf7 33. Qe3 Qxa2 34. Qe5 Qd2 35. b6 b3 36. b7 Qxd3+ 37. Kg2 Rxb7 38. Bd4 Qxd4 39. Qxd4 b2 0-1

[Event "Dhaka"]
[Site "Dhaka"]
[Date "1993.??.??"]
[Round "?"]
[White "Sattar, R."]
[Black "Koshy, Varugeese"]
[Result "1-0"]
[WhiteElo "2255"]
[BlackElo "2420"]
[PlyCount "79"]
[EventDate "1993.??.??"]
[EventType "tourn"]
[EventRounds "11"]
[EventCountry "BAN"]
[EventCategory "7"]
[SourceTitle "EXT 1997"]
[Source "ChessBase"]
[SourceDate "1996.11.15"]
[SourceVersion "1"]
[SourceVersionDate "1996.11.15"]
[SourceQuality "1"]

1. e4 c5 2. Nf3 Nc6 3. c3 d5 4. exd5 Qxd5 5. d4 e6 6. Bd3 Nf6 7. 0-0 Be7 8. Na3 0-0 9. Nc4 cxd4 10. cxd4 Rd8 11. Be3 b5 12. Ncd2 e5 13. Bg5 Bb7 14. Bxf6 Bxf6 15. Qb1 g6 16. Ne4 Bg7 17. Nc5 Bc8 18. Be4 Qd6 19. dxe5 Qxc5 20. Rc1 Qe7 21. Bxc6 Rb8 22. Qe4 Bf5 23. Qf4 f6 24. Bd5+ Kh8 25. exf6 Bxf6 26. Rc7 Qd6 27. Qxd6 Rxd6 28. Bb3 Rd7 29. Rxd7 Bxd7 30. Rd1 Bg4 31. Rd6 Bxb2 32. Ng5 h6 33. Nf7+ Kg7 34. h3 Bf5 35. g4 Be4 36. Rd7 Rb7 37. Rd2 Bc1 38. Re2 Bf3 39. Rc2 Bf4 40. Nd8 1-0

[Event "Dhaka"]
[Site "Dhaka"]
[Date "1993.??.??"]
[Round "?"]
[White "Sattar, R."]
[Black "Lodhi, Mahmood"]
[Result "0-1"]
[WhiteElo "2255"]
[BlackElo "2430"]
[PlyCount "74"]
[EventDate "1993.??.??"]
[EventType "tourn"]
[EventRounds "11"]
[EventCountry "BAN"]
[EventCategory "7"]
[SourceTitle "EXT 1997"]
[Source "ChessBase"]
[SourceDate "1996.11.15"]
[SourceVersion "1"]
[SourceVersionDate "1996.11.15"]
[SourceQuality "1"]

1. e4 e5 2. Nf3 Nc6 3. d4 exd4 4. Nxd4 Bc5 5. Be3 Qf6 6. c3 Nge7 7. Bc4 0-0 8. 0-0 Ne5 9. Be2 d6 10. Nd2 N7g6 11. b4 Bb6 12. f4 Nc6 13. Nc4 Re8 14. Nxb6 axb6 15. f5 Nf8 16. Qd2 h6 17. b5 Ne5 18. Nc2 Nh7 19. Nb4 Qd8 20. Bf2 Nd7 21. Bc4 Ne5 22. Bd5 Bd7 23. a4 c6 24. bxc6 bxc6 25. Bb3 Ng5 26. Qxd6 Nxe4 27. Qd4 Nxf2 28. Qxf2 c5 29. Nd5 Bc6 30. Nf4 Qg5 31. Nh3 Qf6 32. Qg3 Red8 33. Rac1 c4 34. Bc2 Nd3 35. Ra1 Qxc3 36. f6 g6 37. Nf4 Nxf4 0-1

[Event "Dhaka"]
[Site "Dhaka"]
[Date "1993.??.??"]
[Round "?"]
[White "Sattar, R."]
[Black "Mishra, Neeraj Kumar"]
[Result "1-0"]
[WhiteElo "2255"]
[BlackElo "2365"]
[PlyCount "95"]
[EventDate "1993.??.??"]
[EventType "tourn"]
[EventRounds "11"]
[EventCountry "BAN"]
[EventCategory "7"]
[SourceTitle "EXT 1997"]
[Source "ChessBase"]
[SourceDate "1996.11.15"]
[SourceVersion "1"]
[SourceVersionDate "1996.11.15"]
[SourceQuality "1"]

1. e4 c5 2. c3 d5 3. exd5 Qxd5 4. d4 Nf6 5. Nf3 e6 6. Be3 Nc6 7. Bd3 Be7 8. 0-0 0-0 9. dxc5 Rd8 10. Be2 Qxd1 11. Rxd1 Rxd1+ 12. Bxd1 Ng4 13. b4 Nxe3 14. fxe3 a5 15. b5 Nb8 16. Nbd2 Bxc5 17. Nc4 Nd7 18. Nfd2 Kf8 19. Nb3 Bb6 20. a4 Bc7 21. Bf3 f5 22. Rd1 Nb6 23. Nb2 Be5 24. Nd4 Bf6 25. e4 g6 26. c4 Be7 27. Nb3 Ba3 28. c5 Bxb2 29. cxb6 Ke7 30. Rd2 Be5 31. Kh1 f4 32. g3 fxg3 33. hxg3 Bxg3 34. e5 Bxe5 35. Nc5 Rb8 36. Nb3 Bd6 37. Rc2 e5 38. Nxa5 g5 39. Nc4 Bc5 40. a5 Bd4 41. Rh2 Bf5 42. a6 bxa6 43. bxa6 Rc8 44. a7 Rxc4 45. Ra2 e4 46. a8Q exf3 47. Ra7+ Kd6 48. Qf8+ 1-0